000 00843nam a22002295i 4500
001 175182
003 ES-MaACL
005 20250822040305.0
008 101013s1964 sp abf |||| | spa d
080 _a616.85
100 0 _aFrankl, Viktor Emil.
_952333
245 1 0 _aTeoría y terapia de las neurosis /
_cpor Viktor E. Frankl ; [versión castellana de Frank Günter Schneider y Medardo Sánchez-Tejero].
260 _aMadrid :
_bGredos,
_c[1964]
300 _a245 p. :
_bil. ;
_c25 cm.
490 1 _aBiblioteca de psicología y psicoterapia ;
_v1
650 4 _aNeurosis.
_915534
700 1 _aSchneider, Frank Günter.
_9143570
700 1 _aSánchez-Tejero, Medardo.
_9102949
830 1 0 _aBiblioteca de psicología y psicoterapia
_v1
_9189553
852 4 _aES-MaACL
_jE-13356
_xOlim P-527-Ter
999 _c175182
_d175182